000 00587nam a22001817a 4500
999 _c191159
_d191159
005 20220822121409.0
010 _aENG-134526
020 _a9788180642623
_c130.00
035 _aEN-118058
037 _bDBAD/PUB
082 _a305.51220954
245 _aCaste Politics In India:
_bLegacy and Contemporary Issues/
_cEdited by Gargi Sengupta
260 _aKolkata
_bProgressive Publishers
_c2016
270 _a37A, College Street
_bKolkata
_mprogressivepubl@yahoo.co.in
300 _a146p.
_c22cm(hb)
700 _aSengupta, Gargi
942 _2ddc
_cEN
_h305.51220954
_mCAS